000 00701nam a2200241Ia 4500
005 20250425162037.0
008 250425s9999 xx 000 0 und d
020 _a9978419365
041 _aspa
043 _aec
082 _a303.4833
100 _aPROGRAMA, DE LAS NACIONES UNIDAS
245 0 _aLAS TECNOLOGIAS DE INFORMACION Y COMUNICACION PARA EL DESARROLLO HUMANO: INFORME SOBRE DESARROLLO HUMANO ECUADOR 2001
250 _a1A ED.
260 _aEcuador
_bPNUD
_c2001
260 _aQUITO
300 _a266
650 _aDESARROLLO HUMANO
650 _aTECNOLOGIA DE LA INFORMACION
710 _aPROGRAMA DE LAS NACIONES UNIDAS PARA EL DESARROLLO
942 _c01
010 _a42279
999 _c221230
_d221230